[Event "NED-ch op 5'"]
[Site "?"]
[Date "2002.02.15"]
[Round "?"]
[White "Timman Jan Hein"]
[Black "Sokolov Ivan"]
[Result "1-0"]
[WhiteElo "2605"]
[BlackElo "2655"]
[PlyCount "112"]
[EventDate "2002.??.??"]
[Source "www.chesslib.no"]
[SourceDate "2004.05.04"]

1. e4 e5 2. Nf3 Nc6 3. Bb5 Bc5 4. c3 Qf6 5. d3 Nge7 6. Be3 Bxe3 7. fxe3 O-O 8. O-O Qh6 9. Qe1 d6 10. Nbd2 Kh8 11. Nh4 f6 12. Bxc6 bxc6 13. Nc4 d5 14. Na5 g6 15. Qg3 Be6 16. Nb7 Rae8 17. Nc5 Bc8 18. d4 dxe4 19. Nxe4 g5 20. Rxf6 gxh4 21. Qxe5 Ng8 22. Re6+ Nf6 23. Rxe8 Rxe8 24. Qxf6+ Qxf6 25. Nxf6 Rxe3 26. Kf2 Rd3 27. Ke2 Ba6 28. Ke1 Re3+ 29. Kf2 Re2+ 30. Kf3 Rxb2 31. Re1 Kg7 32. Ne8+ Kf7 33. Nxc7 Bc4 34. a4 Rb7 35. Ne8 Bd5+ 36. Kf4 Rd7 37. g3 hxg3 38. hxg3 Rd8 39. Nc7 Bc4 40. Re5 Rd7 41. Rc5 Bb3 42. Na6 Bxa4 43. Nb4 Rc7 44. Ra5 Bb5 45. d5 Ke7 46. dxc6 Bc4 47. Ke5 h6 48. Rc5 Be2 49. Rd5 Kf7 50. Rd4 a5 51. Rd7+ Rxd7 52. cxd7 Ke7 53. Nc6+ Kxd7 54. Nxa5 h5 55. Nb3 Kc7 56. Nd4 Bd1 1-0

[Event "NED-ch op 5'"]
[Site "?"]
[Date "2002.02.15"]
[Round "?"]
[White "Ehlvest Jaan"]
[Black "Sokolov Ivan"]
[Result "1-0"]
[WhiteElo "2585"]
[BlackElo "2655"]
[PlyCount "151"]
[EventDate "2002.??.??"]
[Source "www.chesslib.no"]
[SourceDate "2004.05.04"]

1. e4 e5 2. Nf3 Nc6 3. Bb5 Bc5 4. c3 Qf6 5. O-O Nge7 6. d4 exd4 7. Bg5 Qg6 8. Re1 O-O 9. Bxe7 Nxe7 10. cxd4 Bb6 11. Nc3 d6 12. Na4 Ba5 13. Re3 c6 14. Bf1 d5 15. e5 Nf5 16. Rb3 Bc7 17. Nc5 b6 18. Nd3 Qh6 19. Rc1 Bd7 20. g3 Ne7 21. Nf4 f6 22. Re3 Bg4 23. h3 Bxf3 24. Qxf3 fxe5 25. dxe5 Kh8 26. Qg4 Nf5 27. Ree1 Rae8 28. Nd3 c5 29. f4 d4 30. Nf2 Ne3 31. Qd7 Qg6 32. Ng4 Nxf1 33. Rxf1 Bb8 34. Kh2 h5 35. Nf2 d3 36. Qxd3 Qe6 37. h4 Qxa2 38. Qe2 Qf7 39. Ne4 Qf5 40. Ng5 g6 41. Rcd1 Re7 42. Rd2 Rfe8 43. Rfd1 Kg7 44. Qg2 Bc7 45. Ne4 c4 46. Nf6 Rf8 47. Nd5 Ref7 48. Ne3 Qe6 49. Nd5 b5 50. Nf6 b4 51. Qd5 Qxd5 52. Rxd5 c3 53. bxc3 bxc3 54. Rc5 Bd8 55. Nd7 Bb6 56. Rxc3 Rd8 57. Rcd3 Bc7 58. Nc5 Rxd3 59. Rxd3 Re7 60. Kg2 Bb6 61. Ne4 Kf7 62. Kf3 Ke6 63. Rd6+ Kf7 64. Ng5+ Kg7 65. Ke4 Rc7 66. Ne6+ Kf7 67. Nxc7 Bxc7 68. Rd7+ Ke6 69. Rxc7 a5 70. Rc6+ Kf7 71. Kd5 Ke7 72. Rc7+ Kd8 73. Kd6 a4 74. Ra7 Ke8 75. Rxa4 Kf7 76. Ra7+ 1-0

[Event "Amsterdam"]
[Site "Amsterdam Amsterdam"]
[Date "1989.??.??"]
[Round "?"]
[White "Van der Wiel, John T H"]
[Black "Gulko, Boris F"]
[Result "1/2-1/2"]
[WhiteElo "2560"]
[BlackElo "2610"]
[PlyCount "27"]
[EventDate "1989.??.??"]
[Source "www.chesslib.no"]
[SourceDate "2004.05.04"]

1. e4 e5 2. Nf3 Nc6 3. Bb5 Bc5 4. c3 Nf6 5. d4 Bb6 6. Qe2 exd4 7. e5 O-O 8. cxd4 Re8 9. Be3 Ng4 10. Nc3 d6 11. O-O-O Nxe3 12. fxe3 Bd7 13. Rhf1 Nb4 14. g3 1/2-1/2

[Event "World Ch XIV Final"]
[Site "Cork World Ch XIV Final"]
[Date "1994.??.??"]
[Round "?"]
[White "Sanakoev, Grigory Konstantino"]
[Black "Oim, Tonu"]
[Result "0-1"]
[WhiteElo "2595"]
[BlackElo "2560"]
[PlyCount "112"]
[EventDate "1994.??.??"]
[Source "www.chesslib.no"]
[SourceDate "2004.05.04"]

1. e4 e5 2. Nf3 Nc6 3. Bb5 Bc5 4. c3 Bb6 5. d4 exd4 6. cxd4 Nce7 7. d5 a6 8. Ba4 Nf6 9. Nc3 O-O 10. e5 Ng4 11. O-O d6 12. Bf4 Ng6 13. Bg5 f6 14. exf6 gxf6 15. Bc1 Kh8 16. Bc2 Rg8 17. Ne4 Qf8 18. a4 Ne7 19. b4 Qf7 20. Bb2 Ne5 21. Nxe5 fxe5 22. Kh1 Nxd5 23. f4 Qg7 24. Ng5 Nxf4 25. h4 Rf8 26. Bxh7 Bf5 27. Bxf5 Rxf5 28. Qg4 Rxg5 29. Qxg5 Qxg5 30. hxg5 Kg7 31. Kh2 Nd5 32. Ra3 Be3 33. Bc1 Bd4 34. Rb3 b5 35. axb5 axb5 36. Kh3 Ra1 37. Rbf3 e4 38. Rf5 Be5 39. Kh4 Kg6 40. Rf8 Ra2 41. Rg8+ Kh7 42. Rb8 Rxg2 43. Rxb5 c6 44. Rb7+ Kg6 45. b5 e3 46. Rf3 e2 47. Bd2 Rg1 48. bxc6 Rd1 49. Ba5 Nc3 50. Bxc3 Bxc3 51. Re7 e1=Q+ 52. Rxe1 Bxe1+ 53. Kg4 Rd4+ 54. Rf4 Rxf4+ 55. Kxf4 Ba5 56. Ke4 Bc7 0-1

[Event "Amsterdam"]
[Site "?"]
[Date "1989.??.??"]
[Round "?"]
[White "van der Wiel, J."]
[Black "Gulko, B."]
[Result "1/2-1/2"]
[WhiteElo "2545"]
[BlackElo "2610"]
[PlyCount "101"]
[EventDate "1989.??.??"]
[Source "ChessBase"]
[SourceDate "1989.07.01"]

1. e4 e5 2. Nf3 Nc6 3. Bb5 Bc5 4. c3 Nf6 5. d4 Bb6 6. Qe2 exd4 7. e5 O-O 8. cxd4 Re8 9. Be3 Ng4 10. Nc3 d6 11. O-O-O Nxe3 12. fxe3 Bd7 13. Rhf1 dxe5 14. Bxc6 Bxc6 15. Nxe5 Bd5 16. Nxd5 Qxd5 17. Nxf7 Qxa2 18. Ne5 c5 19. Qc4+ Qxc4+ 20. Nxc4 cxd4 21. Nxb6 axb6 22. exd4 Re2 23. Kb1 Rxg2 24. Rfe1 Kf7 25. Rc1 Ra5 26. Rc7+ Kf6 27. Ree7 Rb5 28. Rf7+ Ke6 29. Rxg7 Rgxb2+ 30. Kc1 h5 31. Rxb7 Kd5 32. h4 Kc4 33. Rbc7+ Kd3 34. Rg3+ Kxd4 35. Rd7+ Ke4 36. Re7+ Kf4 37. Rgg7 R2b4 38. Ref7+ Ke4 39. Re7+ Kf3 40. Ref7+ Ke3 41. Re7+ Kd3 42. Rd7+ Kc3 43. Rc7+ Rc4 44. Rxc4+ Kxc4 45. Rg6 Kc3 46. Rg3+ Kb4 47. Rg6 Rc5+ 48. Kb2 b5 49. Rg5 Kc4 50. Rxc5+ Kxc5 51. Kc3 1/2-1/2

[Event "FRA-ch"]
[Site "France"]
[Date "1996.??.??"]
[Round "11"]
[White "Apicella, Manuel"]
[Black "Lepelletier, Benoit"]
[Result "1/2-1/2"]
[WhiteElo "2560"]
[BlackElo "2460"]
[PlyCount "81"]
[EventDate "1996.??.??"]
[Source "ChessBase"]

1. e4 e5 2. Nf3 Nc6 3. Bb5 Bc5 4. c3 d5 5. d4 exd4 6. cxd4 Bb4+ 7. Bd2 Bxd2+ 8. Nbxd2 Nge7 9. e5 O-O 10. O-O Bd7 11. Bxc6 Bxc6 12. Re1 Ng6 13. Nf1 Qd7 14. Qd2 Rae8 15. Ng3 h6 16. h3 Re6 17. Nh5 Bb5 18. Nh2 Qe7 19. g3 Rb6 20. Ng4 Qg5 21. Qxg5 hxg5 22. Ne3 c6 23. Rad1 Ne7 24. Kh2 Rc8 25. f4 gxf4 26. gxf4 c5 27. dxc5 Rxc5 28. Rg1 Be2 29. Nxg7 Bxd1 30. Ne6+ Kh8 31. Nxc5 Rxb2+ 32. Rg2 Rxg2+ 33. Kxg2 b6 34. Nb7 Bh5 35. Nd6 d4 36. Nec4 Nd5 37. f5 Kg7 38. Kf2 a6 39. Ne4 b5 40. Ncd2 Bd1 41. Nc5 1/2-1/2

[Event "XV Sigeman & Co"]
[Site "Malmo SVE"]
[Date "2007.04.23"]
[Round "6"]
[White "Hermansson, E."]
[Black "Hector, J."]
[Result "0-1"]
[WhiteElo "2475"]
[BlackElo "2537"]
[PlyCount "82"]
[EventDate "2007.04.18"]
[Source "www.chesslib.no"]
[SourceDate "2004.05.04"]

1. e4 e5 2. Nf3 Nc6 3. Bb5 Bc5 4. c3 f5 5. d4 fxe4 6. Bxc6 dxc6 7. Nxe5 Qd5 8. Qh5+ g6 9. Qe2 Bd6 10. Bf4 Nf6 11. O-O O-O 12. Nd2 c5 13. Ndc4 cxd4 14. cxd4 Be6 15. Rac1 Ng4 16. Bg3 Nh6 17. Rfe1 Nf5 18. Qxe4 Qxe4 19. Rxe4 Bd5 20. Rg4 Rae8 21. h3 b5 22. Ne3 Be6 23. Re4 Bxa2 24. Ra1 Bb3 25. Rxa7 Nxg3 26. fxg3 Ra8 27. Rxa8 Rxa8 28. N3g4 h5 29. Nh2 Ra1+ 30. Kf2 Rb1 31. Re2 Bd1 32. Re1 Rxb2+ 33. Kg1 Be2 34. Nxg6 Bxg3 35. Ra1 b4 36. Ne7+ Kf7 37. Nf5 h4 38. Nf3 Bxf3 39. gxf3 Bf2+ 40. Kf1 Kf6 41. Ra5 b3 0-1

[Event "World Open"]
[Site "Philadelphia USA"]
[Date "2008.07.03"]
[Round "2"]
[White "Gopal, G."]
[Black "Lenderman, A."]
[Result "1-0"]
[WhiteElo "2572"]
[BlackElo "2439"]
[PlyCount "161"]
[EventDate "2008.07.02"]
[Source "www.chesslib.no"]
[SourceDate "2004.05.04"]

1. e4 e5 2. Nf3 Nc6 3. Bb5 Bc5 4. c3 Qf6 5. O-O Nge7 6. d3 h6 7. Be3 Bb6 8. Nbd2 O-O 9. Nc4 d6 10. Nxb6 axb6 11. d4 Qg6 12. Re1 Bg4 13. Bd3 exd4 14. cxd4 Nb4 15. Bb1 Kh8 16. Kh1 Qh5 17. Bd2 Nbc6 18. Bc3 Ng6 19. Re3 b5 20. Qe1 Rfe8 21. d5 Nce5 22. Nxe5 dxe5 23. Bd3 c6 24. a3 Nf4 25. Bf1 Rad8 26. f3 Bc8 27. Rd1 cxd5 28. exd5 Rxd5 29. Rxd5 Nxd5 30. Rxe5 Rxe5 31. Qxe5 Qxe5 32. Bxe5 Bd7 33. Kg1 Kg8 34. Kf2 b4 35. axb4 Nxb4 36. Ke3 Be6 37. Bd6 Nc2+ 38. Kd3 Bf5+ 39. Kd2 Nd4 40. Kc3 Nc6 41. Kc4 Na7 42. Kc5 Nc8 43. Bc4 Be6 44. Bd3 f5 45. Bc7 Kf7 46. Kd4 Ne7 47. g3 Bd5 48. f4 Ke6 49. Kc5 g6 50. Be2 Be4 51. Be5 Bd5 52. Bg7 h5 53. Bc3 Bc6 54. Ba5 Bd5 55. Bd8 Nc8 56. Bc7 Bc6 57. Bc4+ Ke7 58. Kd4 Be8 59. Bd5 Bc6 60. Bc4 Kd7 61. Bb8 Ke7 62. Ke5 Bd7 63. Bc7 b6 64. Bd5 Be8 65. Be6 Bd7 66. Bc4 Be8 67. Bb8 Bf7 68. Bxf7 Kxf7 69. Kd5 Ne7+ 70. Kd6 b5 71. b4 h4 72. gxh4 Nc8+ 73. Kc5 Ke6 74. Kxb5 Ne7 75. Kc5 Nd5 76. b5 Nf6 77. Kc6 Nd5 78. b6 Ne7+ 79. Kc5 Kd7 80. b7 Nc6 81. Bd6 1-0

[Event "15 World ch."]
[Site "15 World ch."]
[Date "1992.??.??"]
[Round "?"]
[White "Palmo, P."]
[Black "Rinaldi, C."]
[Result "1/2-1/2"]
[WhiteElo "2475"]
[BlackElo "2525"]
[PlyCount "59"]
[EventDate "1992.??.??"]
[Source "www.chesslib.no"]
[SourceDate "2004.05.04"]

1. e4 e5 2. Nf3 Nc6 3. Bb5 Bc5 4. c3 Nf6 5. d4 Bb6 6. Qe2 exd4 7. e5 O-O 8. cxd4 Re8 9. Be3 Ng4 10. O-O d6 11. d5 a6 12. Bxb6 axb5 13. dxc6 cxb6 14. c7 Qxc7 15. exd6 Qc6 16. Qd2 Ne5 17. Nxe5 Rxe5 18. Nc3 Be6 19. Rac1 Rd8 20. Rfd1 Rc5 21. f3 h6 22. b3 f5 23. h4 b4 24. Ne2 Kf7 25. Kf2 Rxc1 26. Nxc1 Qc5+ 27. Qd4 g5 28. Ne2 f4 29. Ke1 Qxd4 30. Rxd4 1/2-1/2

[Event "LARK m"]
[Site "?"]
[Date "1992.??.??"]
[Round "?"]
[White "Morovic, Ivan"]
[Black "Garcia Padron, J."]
[Result "1-0"]
[WhiteElo "2570"]
[BlackElo "2425"]
[PlyCount "99"]
[EventDate "1992.??.??"]
[Source "www.chesslib.no"]
[SourceDate "2004.05.04"]

1. e4 e5 2. Nf3 Nc6 3. Bb5 Bc5 4. c3 Nf6 5. d3 d6 6. d4 exd4 7. cxd4 Bb4+ 8. Bd2 Bxd2+ 9. Nbxd2 Bd7 10. O-O O-O 11. Re1 Ne7 12. Bf1 a5 13. Rc1 Ng6 14. Rc3 c6 15. g3 Qb8 16. h3 Re8 17. Rce3 a4 18. Bg2 Rd8 19. R3e2 Qa7 20. Nb1 Qa5 21. Re3 Qh5 22. Nfd2 Qh6 23. h4 Ng4 24. R3e2 c5 25. Nf3 cxd4 26. Nxd4 Qh5 27. Nc3 Qc5 28. Nd5 Qa5 29. a3 N6e5 30. f3 Nh6 31. Rc2 Nd3 32. Re3 Nc5 33. g4 Kh8 34. Rec3 Qa7 35. Kh1 b6 36. Qd2 Ng8 37. Qf4 Be8 38. Nf5 Qb8 39. Qg5 Ne6 40. Qe3 Ra5 41. g5 Rc5 42. h5 Rd7 43. h6 gxh6 44. gxh6 Qd8 45. Bh3 Qg5 46. f4 Qh5 47. Rg2 Rxd5 48. exd5 Qd1+ 49. Kh2 Qxd5 50. Qg3 1-0

[Event "Orel"]
[Site "?"]
[Date "1998.??.??"]
[Round "4"]
[White "Komliakov Viktor"]
[Black "Egin Vladimir"]
[Result "0-1"]
[WhiteElo "2510"]
[BlackElo "2470"]
[PlyCount "56"]
[EventDate "1998.??.??"]
[Source "www.chesslib.no"]
[SourceDate "2004.05.04"]

1. e4 e5 2. Nf3 Nc6 3. Bb5 Bc5 4. c3 f5 5. d3 Nf6 6. O-O fxe4 7. dxe4 d6 8. b4 Bb6 9. Nbd2 Bg4 10. Bc4 Qe7 11. Qe2 a5 12. b5 Nd8 13. h3 Bh5 14. Re1 Ne6 15. Nf1 O-O 16. Ng3 Bf7 17. Nf5 Qe8 18. Kh2 Kh8 19. Be3 Bxe3 20. Qxe3 Nc5 21. Bxf7 Rxf7 22. Ng5 Rf8 23. b6 Qh5 24. Kg1 cxb6 25. Nxd6 h6 26. Nf3 Nfd7 27. Rad1 Rf4 28. Rd5 Raf8 0-1

[Event "Bor"]
[Site "Bor"]
[Date "1985.??.??"]
[Round "6"]
[White "Campora, Daniel H"]
[Black "Plaskett, Jim"]
[Result "1-0"]
[WhiteElo "2485"]
[BlackElo "2495"]
[PlyCount "39"]
[EventDate "1985.??.??"]
[Source "www.chesslib.no"]
[SourceDate "2004.05.04"]

1. e4 e5 2. Nf3 Nc6 3. Bb5 Bc5 4. c3 f5 5. d4 fxe4 6. Bxc6 dxc6 7. Nxe5 Bd6 8. Qh5+ g6 9. Qe2 Qh4 10. h3 Nf6 11. g3 Qh5 12. g4 Qh4 13. Nf3 Qxh3 14. Rxh3 Bxg4 15. Rh4 Bxf3 16. Qc4 Nd5 17. Nd2 O-O-O 18. Nxf3 exf3 19. Re4 Rde8 20. Qd3 1-0

[Event "Olympiad"]
[Site "Buenos Aires ol"]
[Date "1978.??.??"]
[Round "4"]
[White "Timman, Jan Hein"]
[Black "Emma, Jaime"]
[Result "1-0"]
[WhiteElo "2585"]
[BlackElo "2390"]
[PlyCount "85"]
[EventDate "1978.??.??"]
[Source "www.chesslib.no"]
[SourceDate "2004.05.04"]

1. e4 e5 2. Nf3 Nc6 3. Bb5 Bc5 4. c3 f5 5. d4 fxe4 6. dxc5 exf3 7. Qxf3 Nf6 8. Be3 O-O 9. Nd2 b6 10. Bxc6 dxc6 11. Qxc6 Qd3 12. cxb6 axb6 13. Qc4+ Qxc4 14. Nxc4 Ba6 15. Nxe5 Rfe8 16. f4 Nd7 17. O-O-O Nxe5 18. fxe5 Rxe5 19. Bf4 Re7 20. Rhe1 Rf8 21. g3 Bb7 22. Kb1 h6 23. h4 Bf3 24. Rd2 c6 25. c4 b5 26. cxb5 cxb5 27. Re5 Rb7 28. b3 Rc8 29. Kb2 Kh7 30. Rd3 Bg2 31. Rde3 Rd8 32. Re2 Bc6 33. Re7 Rdd7 34. Rxd7 Rxd7 35. Re3 Bg2 36. Kc3 Ra7 37. Re2 Bf3 38. Rd2 Bh5 39. Kb4 Be8 40. Re2 Ra8 41. Re7 Kg8 42. a3 h5 43. Be5 1-0

[Event "FRA-NED"]
[Site "Cannes"]
[Date "1990.??.??"]
[Round "1"]
[White "Renet, Olivier"]
[Black "Ree, Hans"]
[Result "1/2-1/2"]
[WhiteElo "2520"]
[BlackElo "2455"]
[PlyCount "41"]
[EventDate "1990.02.??"]
[Source "ChessBase"]

1. e4 e5 2. Nf3 Nc6 3. Bb5 Bc5 4. c3 Nf6 5. Qe2 O-O 6. d3 d6 7. h3 Bb6 8. Nbd2 Ne7 9. Nc4 c6 10. Nxb6 axb6 11. Bc4 Be6 12. Bxe6 fxe6 13. O-O Ng6 14. Bd2 b5 15. a3 Nd7 16. Rad1 Qf6 17. d4 Nf4 18. Bxf4 Qxf4 19. Rfe1 Rf6 20. Qd2 Qxd2 21. Rxd2 1/2-1/2

[Event "Buenos Aires ol (Men)"]
[Site "Buenos Aires ARG"]
[Date "1978.??.??"]
[Round "4"]
[White "Timman, Jan H"]
[Black "Emma, Jaime"]
[Result "1-0"]
[WhiteElo "2585"]
[BlackElo "2390"]
[PlyCount "85"]
[EventDate "1978.10.25"]
[Source "www.chesslib.no"]
[SourceDate "2004.05.04"]

1. e4 e5 2. Nf3 Nc6 3. Bb5 Bc5 4. c3 f5 5. d4 fxe4 6. dxc5 exf3 7. Qxf3 Nf6 8. Be3 O-O 9. Nd2 b6 10. Bxc6 dxc6 11. Qxc6 Qd3 12. cxb6 axb6 13. Qc4+ Qxc4 14. Nxc4 Ba6 15. Nxe5 Rfe8 16. f4 Nd7 17. O-O-O Nxe5 18. fxe5 Rxe5 19. Bf4 Re7 20. Rhe1 Rf7 21. g3 Bb7 22. Kb1 h6 23. h4 Bf3 24. Rd2 c6 25. c4 b5 26. cxb5 cxb5 27. Re5 Rb7 28. b3 Rc8 29. Kb2 Kh7 30. Rd3 Bg2 31. Rde3 Rd8 32. Re2 Bc6 33. Re7 Rdd7 34. Rxd7 Rxd7 35. Re3 Bg2 36. Rc3 Ra7 37. Rc2 Bf3 38. Rd2 Bh5 39. Kb1 Be8 40. Re2 Ra8 41. Re7 Kg8 42. a3 h5 43. Be5 1-0

[Event "Ch Norway (team) 1998/99"]
[Site "Norway"]
[Date "1998.??.??"]
[Round "6"]
[White "Manouck, T."]
[Black "Sahakian, Nonna"]
[Result "1-0"]
[WhiteElo "2570"]
[BlackElo "2400"]
[PlyCount "57"]
[EventDate "1998.??.??"]
[Source "www.chesslib.no"]
[SourceDate "2004.05.04"]

1. e4 e5 2. Nf3 Nc6 3. Bb5 Bc5 4. c3 Nge7 5. O-O a6 6. Bxc6 Nxc6 7. d4 Bd6 8. Be3 O-O 9. Nbd2 Re8 10. d5 Nb8 11. Nc4 Bf8 12. d6 Bxd6 13. Nxd6 cxd6 14. a4 a5 15. Qxd6 Re6 16. Qd5 Nc6 17. Ng5 Rf6 18. f4 d6 19. f5 h6 20. Nf3 Ne7 21. Qd3 d5 22. Nxe5 b6 23. Ng4 Rc6 24. Bd4 f6 25. e5 fxe5 26. Bxe5 Ra7 27. f6 Bxg4 28. f7+ Kf8 29. Qh7 1-0

[Event "3rd Geller mem Open A"]
[Site "Odessa UKR"]
[Date "2007.09.16"]
[Round "9"]
[White "Solodovnichenko, Y."]
[Black "Shilin, D."]
[Result "1/2-1/2"]
[WhiteElo "2582"]
[BlackElo "2380"]
[PlyCount "185"]
[EventDate "2007.09.08"]
[Source "www.chesslib.no"]
[SourceDate "2004.05.04"]

1. e4 e5 2. Nf3 Nc6 3. Bb5 Bc5 4. c3 f5 5. d4 fxe4 6. Bxc6 dxc6 7. Nxe5 Qd5 8. Qh5+ g6 9. Qe2 Bd6 10. Bf4 Nf6 11. Nd2 O-O 12. O-O c5 13. Ndc4 cxd4 14. cxd4 b5 15. Ne3 Qxd4 16. Qxb5 Be6 17. Nc6 Qb6 18. Qxb6 axb6 19. Bxd6 cxd6 20. a3 Kg7 21. Rfd1 d5 22. Rac1 Rfc8 23. Kf1 Ra4 24. Nb4 Rc5 25. Rxc5 bxc5 26. Nbxd5 Bxd5 27. Nxd5 Nxd5 28. Rxd5 Rc4 29. Ke2 Kf6 30. Kd2 Ke6 31. Rd8 Ra4 32. Kc3 Ke5 33. Rh8 Ra7 34. Kc4 Rf7 35. Re8+ Kd6 36. Rd8+ Kc6 37. Rd2 Rf4 38. Kc3 h5 39. g3 Rf3+ 40. Kc4 e3 41. fxe3 Rxe3 42. Rf2 Re4+ 43. Kd3 Kd5 44. Rf6 c4+ 45. Kd2 Rd4+ 46. Kc1 Rg4 47. Kd2 g5 48. Rh6 h4 49. gxh4 gxh4 50. Kc3 Rf4 51. Rh5+ Kc6 52. Kb4 Kd6 53. h3 Re4 54. Kb5 Re2 55. Kxc4 Rxb2 56. Rxh4 Ra2 57. Rd4+ Kc6 58. Rd3 Rh2 59. Kb4 Rh1 60. a4 Kb6 61. a5+ Ka6 62. Rd6+ Ka7 63. Rh6 Rf1 64. a6 Rf3 65. h4 Rf4+ 66. Kc5 Rf5+ 67. Kd4 Rf4+ 68. Ke5 Rc4 69. Kd6 Rg4 70. Ke7 Re4+ 71. Kf6 Rc4 72. h5 Rc5 73. Rh8 Rc6+ 74. Ke7 Rc5 75. Kd6 Rg5 76. Kc6 Rf5 77. Kd7 Rg5 78. Ke7 Rc5 79. Rh6 Re5+ 80. Kf6 Rc5 81. Rh7+ Ka8 82. Ke6 Rg5 83. h6 Rg6+ 84. Kf7 Rc6 85. Rh8+ Ka7 86. h7 Rc7+ 87. Kg6 Rc6+ 88. Kg7 Rc7+ 89. Kf6 Rc6+ 90. Kf7 Rc7+ 91. Ke6 Rc6+ 92. Ke7 Rh6 93. Kf8 1/2-1/2

[Event "Magistral de Badalona"]
[Site "Badalona"]
[Date "2001.??.??"]
[Round "5"]
[White "Kolev, Atanas"]
[Black "Granados Gomez, Manuel"]
[Result "1/2-1/2"]
[WhiteElo "2582"]
[BlackElo "2379"]
[PlyCount "59"]
[EventDate "2001.03.??"]
[Source "www.chesslib.no"]
[SourceDate "2004.05.04"]

1. e4 e5 2. Nf3 Nc6 3. Bb5 Bc5 4. c3 f5 5. d4 exd4 6. e5 dxc3 7. Qd5 cxb2 8. Bxb2 Qe7 9. O-O Nd8 10. Qb3 Ne6 11. Nc3 c6 12. Bd3 Nh6 13. Rac1 Qf7 14. Bc4 Be7 15. a4 O-O 16. Ne2 Kh8 17. Rcd1 Qe8 18. Rfe1 Nf7 19. Ned4 Nfd8 20. Qc2 Qg6 21. g3 Nxd4 22. Rxd4 Ne6 23. Rh4 Bxh4 24. Nxh4 Qg4 25. Ba3 Re8 26. Nxf5 Nd4 27. Nxd4 d5 28. Bd3 Qxd4 29. Bc5 Qg4 30. Bxh7 1/2-1/2

[Event "Excelsior Cup"]
[Site "Gothenburg"]
[Date "1999.01.11"]
[Round "5"]
[White "Barkhagen, Jonas"]
[Black "Hector, Jonny"]
[Result "1-0"]
[WhiteElo "2415"]
[BlackElo "2542"]
[PlyCount "93"]
[EventDate "1999.01.07"]
[Source "ChessBase"]
[SourceDate "1999.04.01"]

1. e4 e5 2. Nf3 Nc6 3. Bb5 Bc5 4. c3 f5 5. O-O fxe4 6. Nxe5 Nxe5 7. Qh5+ Nf7 8. Qxc5 Nf6 9. d3 c6 10. Ba4 b6 11. Qe3 Ba6 12. Re1 O-O 13. dxe4 Qc7 14. Qg3 d6 15. Bb3 Rae8 16. Bh6 Nh5 17. Qg4 d5 18. Qxh5 gxh6 19. Nd2 Qf4 20. Nf3 dxe4 21. Nd4 Kh8 22. Qf5 Qxf5 23. Nxf5 Re5 24. Nd4 Bb7 25. Rad1 Nd8 26. Nc2 c5 27. Rd6 b5 28. Red1 Ree8 29. Ne3 c4 30. Bc2 Ne6 31. a4 Nc5 32. axb5 Nd3 33. Bxd3 exd3 34. Rd7 Bc8 35. Rxa7 Be6 36. Rc7 Rc8 37. Rxc8 Rxc8 38. Ra1 Rb8 39. Ra5 Bf7 40. Kf1 Be8 41. Nxc4 Bxb5 42. Nd2 Bc6 43. b4 Re8 44. Ra6 Bb7 45. Rd6 Ra8 46. f3 Ra3 47. Rd8+ 1-0

[Event "06.OIBayEM Bad Wiessee op"]
[Site "?"]
[Date "2002.10.31"]
[Round "6"]
[White "Dvoirys Semen I"]
[Black "Baramidze David"]
[Result "1/2-1/2"]
[WhiteElo "2567"]
[BlackElo "2390"]
[PlyCount "81"]
[EventDate "2002.??.??"]
[Source "www.chesslib.no"]
[SourceDate "2004.05.04"]

1. e4 e5 2. Nf3 Nc6 3. Bb5 Bc5 4. c3 Qf6 5. d4 exd4 6. e5 Qg6 7. O-O dxc3 8. Nxc3 Nge7 9. Bd3 Qh5 10. Bf4 d5 11. exd6 Bxd6 12. Bxd6 cxd6 13. Be2 Qg6 14. Nb5 O-O 15. Qxd6 Rd8 16. Qxg6 Nxg6 17. Rfd1 Bg4 18. h3 Bh5 19. g4 Nf4 20. Bf1 Bg6 21. Nd6 Rd7 22. Rd2 Rad8 23. Rad1 Bc2 24. Rxc2 Rxd6 25. Rxd6 Rxd6 26. Kh2 Kf8 27. Bb5 Ne6 28. Bxc6 Rxc6 29. Rxc6 bxc6 30. Ne5 Nd4 31. Kg3 Ke7 32. Kf4 f6 33. Nd3 Ne6+ 34. Ke3 Kd6 35. f4 g6 36. Ke4 c5 37. b3 Nd4 38. Nb2 f5+ 39. gxf5 Nxf5 40. Nc4+ Ke6 41. Ne5 1/2-1/2

[Event "Excelsior Cup"]
[Site "Gothenborg"]
[Date "1997.??.??"]
[Round "2"]
[White "Rytshagov, Mikhail"]
[Black "Gretarsson, Helgi Ass"]
[Result "1/2-1/2"]
[WhiteElo "2485"]
[BlackElo "2470"]
[PlyCount "68"]
[EventDate "1997.01.??"]
[Source "ChessBase"]
[SourceDate "1997.04.10"]

1. e4 e5 2. Nf3 Nc6 3. Bb5 Bc5 4. c3 Qf6 5. d4 exd4 6. e5 Qg6 7. cxd4 Nxd4 8. Nxd4 Qb6 9. Be3 Bxd4 10. Qxd4 Qxb5 11. Nc3 Qc6 12. Nd5 Ne7 13. Nxe7 Kxe7 14. O-O Qg6 15. Rac1 c6 16. Qh4+ f6 17. Rc4 d6 18. exd6+ Kf7 19. Rb4 Qf5 20. Rd1 Rd8 21. Qc4+ Kg6 22. g4 Qf3 23. Qc2+ Kf7 24. Rf4 Qh3 25. Qb3+ Be6 26. Qxb7+ Kg8 27. Qxc6 g5 28. d7 Bxg4 29. Qxf6 gxf4 30. Bd4 Rxd7 31. Qh8+ Kf7 32. Qg7+ Ke8 33. Re1+ Be6 34. Qh8+ Kf7 1/2-1/2

[Event "Salsomaggiore Terme 72/(311)"]
[Site "?"]
[Date "1998.??.??"]
[Round "?"]
[White "Mrdja, Milan"]
[Black "Rogers, Ian"]
[Result "1/2-1/2"]
[WhiteElo "2380"]
[BlackElo "2570"]
[PlyCount "27"]
[EventDate "1998.??.??"]
[Source "ChessBase"]
[SourceDate "1998.02.01"]

1. e4 e5 2. Nf3 Nc6 3. Bb5 Bc5 4. c3 f5 5. Bxc6 dxc6 6. Nxe5 Qh4 7. O-O fxe4 8. d4 exd3 9. Qb3 Qh5 10. Nxd3 Bd6 11. Bf4 Bxf4 12. Nxf4 Qf7 13. Qxf7+ Kxf7 14. Nd2 1/2-1/2

[Event "Helsinki"]
[Site "Helsinki"]
[Date "1983.??.??"]
[Round "9"]
[White "Wedberg, Tom"]
[Black "Rantanen, Yrjo A"]
[Result "1/2-1/2"]
[WhiteElo "2500"]
[BlackElo "2435"]
[PlyCount "139"]
[EventDate "1983.03.??"]
[Source "ChessBase"]

1. e4 e5 2. Nf3 Nc6 3. Bb5 Bc5 4. c3 f5 5. d4 fxe4 6. Bxc6 dxc6 7. Nfd2 Qg5 8. dxc5 Nf6 9. Rg1 Qh4 10. Nf1 Bg4 11. Qc2 O-O-O 12. Bd2 Rd3 13. Na3 Rhd8 14. Nc4 Bh5 15. Nce3 Ng4 16. Nxg4 Qxg4 17. Qd1 Qh4 18. g3 Qh3 19. g4 e3 20. Nxe3 Qxh2 21. Rf1 Rxd2 22. Qxd2 Rxd2 23. Kxd2 Bg6 24. Rae1 Qf4 25. Re2 Qa4 26. Ra1 Qb5 27. Ke1 Qxc5 28. Rd1 b6 29. Red2 Qe7 30. Kf1 Be4 31. Ke2 Qf6 32. Rg1 Qf3+ 33. Ke1 Bg6 34. Rg3 Qe4 35. Ke2 Qb1 36. a3 Be4 37. f3 Bd5 38. Rg2 a5 39. Rf2 a4 40. Rf1 Qg6 41. Nxd5 cxd5 42. Rxd5 Qh6 43. Rf2 Qf4 44. Rd3 Qc4 45. Ke3 Kb7 46. Rdd2 Qf4+ 47. Ke2 g6 48. Kf1 Qg3 49. Rde2 Qh3+ 50. Kg1 Qg3+ 51. Kf1 Qh3+ 52. Kg1 Kc6 53. Re3 Qg3+ 54. Rg2 Qf4 55. Rge2 Qg3+ 56. Rg2 Qf4 57. Rge2 h5 58. gxh5 gxh5 59. Rxe5 Qg3+ 60. Kh1 Qxf3+ 61. Kh2 h4 62. R5e3 Qg4 63. Kh1 Kb5 64. Kh2 c5 65. Re4 Qg3+ 66. Kh1 h3 67. R4e3 Qd6 68. Rf2 h2 69. Rh3 Kc4 70. Rhxh2 1/2-1/2

[Event "Helsinki FIN"]
[Site "Helsinki FIN"]
[Date "1983.??.??"]
[Round "?"]
[White "Wedberg, Tom"]
[Black "Rantanen, Yrjo A"]
[Result "1/2-1/2"]
[WhiteElo "2500"]
[BlackElo "2435"]
[PlyCount "35"]
[EventDate "1983.??.??"]
[Source "www.chesslib.no"]
[SourceDate "2004.05.04"]

1. e4 e5 2. Nf3 Nc6 3. Bb5 Bc5 4. c3 f5 5. d4 fxe4 6. Bxc6 dxc6 7. Nfd2 Qg5 8. dxc5 Nf6 9. Rg1 Qh4 10. Nf1 Bg4 11. Qc2 O-O-O 12. Bd2 Rd3 13. Na3 Rhd8 14. Nc4 Bh5 15. Nfe3 Ng4 16. Nxg4 Qxg4 17. Qd1 Qh4 18. Qc2 1/2-1/2

[Event "Bern op"]
[Site "Bern"]
[Date "1992.??.??"]
[Round "2"]
[White "Sokolov, Andrei"]
[Black "Kogan, Artur"]
[Result "1-0"]
[WhiteElo "2565"]
[BlackElo "2370"]
[PlyCount "65"]
[EventDate "1992.02.??"]
[Source "ChessBase"]

1. e4 e5 2. Nf3 Nc6 3. Bb5 Bc5 4. c3 Nge7 5. O-O Bb6 6. d4 exd4 7. cxd4 d5 8. exd5 Nxd5 9. Ne5 Qf6 10. Nc3 Nxc3 11. bxc3 O-O 12. Re1 Rd8 13. Qh5 h6 14. Nxc6 bxc6 15. Bc4 Bf5 16. Re5 Bg6 17. Qe2 c5 18. dxc5 Ba5 19. Bb2 Rab8 20. Bb3 Kh7 21. Re1 Qc6 22. h4 f6 23. Re7 Qxc5 24. Bc2 Bxc2 25. Qxc2+ Kh8 26. Qg6 Rg8 27. R1e2 Qc4 28. Bc1 Rbd8 29. Bxh6 Rd1+ 30. Re1 Rxe1+ 31. Rxe1 Bxc3 32. Re8 f5 33. Bxg7+ 1-0